| 000 | 01181nam a2200313 i 4500 | ||
|---|---|---|---|
| 001 | 175897 | ||
| 003 | ES-MaACL | ||
| 005 | 20250313063306.0 | ||
| 007 | t| | ||
| 008 | 101129s1923 fr ||||1| fre d | ||
| 080 | _a929 Schiller, Johann Christoph Friedrich | ||
| 080 | _a929 Goethe, Johann Wolfgang | ||
| 100 | 1 |
_aSchiller, Friedrich, _d1759-1805 _9104361 |
|
| 245 | 1 | 0 |
_aCorrespondance entre Schiller et Goethe _b: 1794-1805 / _ctraduite d'après l'édition définitive allemande et précédée d'une introduction par Lucien Herr. |
| 260 |
_aParis : _bPlon, _c1923. |
||
| 300 |
_aXXXIII, 302 p. , [1] h. ; _c19 cm. |
||
| 490 | 1 | _aCollection d'auteurs étrangers | |
| 546 | _aTexto en francés. | ||
| 600 | 1 | 7 |
_aSchiller, Friedrich, _d1759-1805 _vCorrespondencia _2 _9144111 |
| 600 | 1 | 7 |
_aGoethe, Johann Wolfgang von, _d1749-1832- _vCorrespondencia _9144103 |
| 655 | 0 |
_9235124 _aCartas |
|
| 700 | 1 |
_aHerr, Lucien. _963135 |
|
| 700 | 1 |
_aLaroche, F. _9144110 |
|
| 700 | 1 |
_aGoethe, Johann Wolfgang von, _d1749-1832 _957568 |
|
| 830 | 0 |
_aCollection d'auteurs étrangers _9183465 |
|
| 852 |
_aES-MaACL _jE-13715 |
||
| 942 | _2udc | ||
| 999 |
_c175897 _d175897 |
||